000
00420nam a2200145Ia 4500
008
100204s9999 xx 000 0 und d
082
_b
18396
100
_a
प्रभावळकर दिलीप
245
_a
हसगत
260
_b
"विश्वमोहिनी प्रकाशन , पुणे"
_c
1993
300
_a
221
630
_a
हसगत
730
_a
हसगत
942
_c
BOOK
999
_c
462819
_d
462816